[Event "Heusenstamm Sparkassen op-B 7th"]
[Site "Heusenstamm"]
[Date "2021.11.21"]
[Round "6.10"]
[White "Jordake, Michael"]
[Black "Spreer, Lutz"]
[Result "1-0"]
[WhiteElo "1744"]
[BlackElo "1626"]
[PlyCount "83"]
[EventDate "2021.11.18"]
[EventType "swiss"]
[EventRounds "7"]
[EventCountry "GER"]
[SourceTitle "EXT 2023"]
[Source "ChessBase"]
[SourceDate "2022.10.05"]
[SourceVersion "1"]
[SourceVersionDate "2022.10.05"]
[SourceQuality "1"]

1. Nc3 e5 2. Nf3 Nc6 3. d4 exd4 4. Nxd4 Nge7 5. Bg5 f6 6. Bf4 b6 7. e3 Bb7 8. Ncb5 Rc8 9. Bxc7 Qxc7 10. Nxc7+ Rxc7 11. Nb5 Kd8 12. Nxc7 Kxc7 13. Qg4 Ne5 14. Qa4 Nd5 15. a3 Bc5 16. c4 Ne7 17. 0-0-0 N7c6 18. Be2 Re8 19. b4 Bd6 20. Rhe1 Nf7 21. Bf3 Nfe5 22. Be2 Nf7 23. Qc2 Ng5 24. h4 Ne4 25. Bf3 f5 26. Bxe4 fxe4 27. Qd2 Re6 28. c5 bxc5 29. bxc5 Ne5 30. cxd6+ Kb8 31. Qc3 Bc6 32. Qb4+ Ka8 33. Qd4 Re8 34. Re2 Bb5 35. Qxe4+ Kb8 36. Rb2 Nd3+ 37. Qxd3 a6 38. Rxb5+ axb5 39. Qxb5+ Ka8 40. Qxd7 Rb8 41. Rd5 Rb7 42. Ra5+ 1-0

[Event "Heusenstamm Sparkassen op-B 7th"]
[Site "Heusenstamm"]
[Date "2021.11.19"]
[Round "3.14"]
[White "Pichl, Christoph"]
[Black "Jordake, Michael"]
[Result "1/2-1/2"]
[WhiteElo "1528"]
[BlackElo "1744"]
[PlyCount "62"]
[EventDate "2021.11.18"]
[EventType "swiss"]
[EventRounds "7"]
[EventCountry "GER"]
[SourceTitle "EXT 2023"]
[Source "ChessBase"]
[SourceDate "2022.10.05"]
[SourceVersion "1"]
[SourceVersionDate "2022.10.05"]
[SourceQuality "1"]

1. d4 Nf6 2. Nf3 e6 3. Bf4 b6 4. e3 Bb7 5. Bd3 Nc6 6. Nbd2 Be7 7. h3 Nb4 8. Be2 Ne4 9. a3 Nxd2 10. Qxd2 Nd5 11. Bg3 0-0 12. 0-0 f5 13. c4 Nf6 14. b4 Ne4 15. Qc2 Nxg3 16. fxg3 Bg5 17. Qc3 Bf6 18. Bd3 c5 19. Rae1 Rc8 20. e4 cxd4 21. Nxd4 fxe4 22. Bxe4 Bxe4 23. Rxe4 Qc7 24. Rc1 Qb7 25. Qd3 a6 26. Nb3 Bb2 27. Rb1 Bf6 28. c5 Rfd8 29. Rd1 e5 30. Qd5+ Qxd5 31. Rxd5 Rc6 1/2-1/2

[Event "Heusenstamm Sparkassen op-B 6th"]
[Site "Heusenstamm"]
[Date "2019.11.23"]
[Round "5"]
[White "Jordake, Michael"]
[Black "Moldenhauer, Lennart"]
[Result "0-1"]
[WhiteElo "1789"]
[BlackElo "1511"]
[PlyCount "94"]
[EventDate "2019.11.21"]
[EventType "swiss"]
[EventRounds "7"]
[EventCountry "GER"]
[SourceTitle "CBM 194 Extra"]
[Source "ChessBase"]
[SourceDate "2020.03.31"]
[SourceVersion "1"]
[SourceVersionDate "2020.03.31"]
[SourceQuality "1"]

1. Nc3 g6 2. e4 Bg7 3. Nf3 d6 4. Be2 a6 5. d4 Nd7 6. Be3 b5 7. Bd3 Bb7 8. 0-0 Ngf6 9. h3 b4 10. Ne2 Nxe4 11. Ng3 Ndf6 12. Nd2 Nxg3 13. fxg3 0-0 14. Nf3 Nd5 15. Bd2 c5 16. c3 Qb6 17. c4 Nf6 18. Re1 Rfe8 19. dxc5 dxc5 20. Qe2 Qd6 21. Bf4 Qc6 22. Ne5 Qe6 23. Qf2 Nd7 24. Ng4 Qb6 25. Kh2 e5 26. Bh6 f5 27. Bxg7 Kxg7 28. Bxf5 gxf5 29. Qxf5 Qe6 30. Qg5+ Qg6 31. Qd2 Rad8 32. Qe3 e4 33. Rad1 Kh8 34. Qf4 Rf8 35. Qc7 Qc6 36. Qxc6 Bxc6 37. Rd6 Rc8 38. Re6 Rfe8 39. Rh6 Ne5 40. Ne3 Kg7 41. Rh5 Nd3 42. Rf1 Rf8 43. Nf5+ Kh8 44. b3 Bd7 45. g4 Rce8 46. g3 Bxf5 47. gxf5 e3 0-1

[Event "Heusenstamm Sparkassen op-B 6th"]
[Site "Heusenstamm"]
[Date "2019.11.22"]
[Round "3"]
[White "Jordake, Michael"]
[Black "Scheerer, Julian"]
[Result "1/2-1/2"]
[WhiteElo "1789"]
[BlackElo "1483"]
[PlyCount "88"]
[EventDate "2019.11.21"]
[EventType "swiss"]
[EventRounds "7"]
[EventCountry "GER"]
[SourceTitle "CBM 194 Extra"]
[Source "ChessBase"]
[SourceDate "2020.03.31"]
[SourceVersion "1"]
[SourceVersionDate "2020.03.31"]
[SourceQuality "1"]

1. Nc3 e5 2. Nf3 Nc6 3. d4 exd4 4. Nxd4 Bc5 5. Nxc6 bxc6 6. g3 d5 7. Bg2 Bf5 8. 0-0 Ne7 9. e4 dxe4 10. Nxe4 Bb6 11. Bg5 f6 12. Bd2 Bxe4 13. Bxe4 Qd4 14. Qe2 0-0 15. Bc3 Qc5 16. Rad1 Rae8 17. Bd4 Qb4 18. c3 Qa5 19. b4 Qa3 20. Qc2 Kh8 21. Rfe1 c5 22. bxc5 Bxc5 23. Re3 Rd8 24. Bxc5 Qxc5 25. Rxd8 Rxd8 26. Rd3 Rxd3 27. Qxd3 Qd6 28. Qb1 Qb6 29. Bxh7 Qxb1+ 30. Bxb1 Nd5 31. c4 Nc3 32. Bf5 Nxa2 33. Kf1 a5 34. Ke1 a4 35. Kd2 a3 36. Kc2 Nb4+ 37. Kb3 a2 38. Kb2 Kg8 39. c5 Kf7 40. f4 g6 41. Bg4 f5 42. Be2 Kf6 43. h4 Ke6 44. Bc4+ Ke7 1/2-1/2

[Event "Heusenstamm Sparkassen op-A 5th"]
[Site "Heusenstamm"]
[Date "2018.11.25"]
[Round "7"]
[White "Jordake, Michael"]
[Black "Schlemminger, Degenhard"]
[Result "1-0"]
[WhiteElo "1790"]
[BlackElo "1673"]
[PlyCount "47"]
[EventDate "2018.11.22"]
[EventType "swiss"]
[EventRounds "7"]
[EventCountry "GER"]
[SourceTitle "CBM 188 Extra"]
[Source "ChessBase"]
[SourceDate "2019.02.26"]
[SourceVersion "1"]
[SourceVersionDate "2019.02.26"]
[SourceQuality "1"]

1. Nc3 Nc6 2. e4 e5 3. Nf3 Bc5 4. Nxe5 Bxf2+ 5. Kxf2 Nxe5 6. d4 Qf6+ 7. Ke1 Ng6 8. Be3 c6 9. Bc4 d6 10. Rf1 Qh4+ 11. g3 Qxh2 12. Bxf7+ Kd8 13. Ne2 N8e7 14. e5 Bg4 15. exd6 Bxe2 16. dxe7+ Nxe7 17. Qxe2 Qxg3+ 18. Kd2 Qd6 19. Rae1 Rf8 20. Bg5 Re8 21. Bxe8 Qxd4+ 22. Qd3 Qxd3+ 23. Kxd3 Kxe8 24. Bxe7 1-0

[Event "Heusenstamm Sparkassen op-A 4th"]
[Site "Heusenstamm"]
[Date "2017.11.25"]
[Round "4"]
[White "Jordake, Michael"]
[Black "Feicht, Arno"]
[Result "0-1"]
[WhiteElo "1813"]
[BlackElo "1988"]
[PlyCount "118"]
[EventDate "2017.11.23"]
[EventType "swiss"]
[EventRounds "7"]
[EventCountry "GER"]
[SourceTitle "EXT 2019"]
[Source "ChessBase"]
[SourceDate "2018.10.10"]
[SourceVersion "1"]
[SourceVersionDate "2018.10.10"]
[SourceQuality "1"]

1. Nc3 d5 2. e4 dxe4 3. Nxe4 Nd7 4. Nf3 Ngf6 5. Ng3 b6 6. Bc4 e6 7. d3 Be7 8. 0-0 0-0 9. Bd2 Bb7 10. Bc3 Nd5 11. Bd2 Bf6 12. d4 g6 13. Re1 Bg7 14. Bb3 c5 15. c3 cxd4 16. Nxd4 Nc5 17. Nf3 Nxb3 18. axb3 Qc7 19. Ne2 a6 20. Qc1 Ne7 21. Nfd4 e5 22. Nc2 Qc6 23. f3 Nf5 24. Ng3 Nh4 25. Ne4 a5 26. Bg5 Nf5 27. Ne3 h6 28. Nxf5 gxf5 29. Nf6+ Bxf6 30. Bxh6 Bg7 31. Bxg7 Kxg7 32. Rxe5 Qg6 33. Qe3 Bc6 34. Re1 Rab8 35. Qf4 Rbe8 36. Kf2 Rxe5 37. Rxe5 Bd7 38. g4 Qh6 39. g5 Qd6 40. Kg3 Qd1 41. Kf2 Rh8 42. Re1 Qd5 43. Kg3 Be6 44. h4 Rd8 45. h5 Qd6 46. Re5 Qd2 47. Re3 Kh7 48. g6+ Kg7 49. Qe5+ Kf8 50. Qh8+ Ke7 51. Qh6 Qd6+ 52. f4 Qd1 53. Rxe6+ Kxe6 54. gxf7+ Kxf7 55. Qg6+ Ke7 56. Qg7+ Kd6 57. Qf6+ Kc7 58. Qf7+ Kb8 59. Kh4 Qg4# 0-1

[Event "Heusenstamm Sparkassen op-A 4th"]
[Site "Heusenstamm"]
[Date "2017.11.24"]
[Round "2"]
[White "Jordake, Michael"]
[Black "Kalepky, Helmut"]
[Result "1/2-1/2"]
[WhiteElo "1813"]
[BlackElo "1985"]
[PlyCount "120"]
[EventDate "2017.11.23"]
[EventType "swiss"]
[EventRounds "7"]
[EventCountry "GER"]
[SourceTitle "EXT 2019"]
[Source "ChessBase"]
[SourceDate "2018.10.10"]
[SourceVersion "1"]
[SourceVersionDate "2018.10.10"]
[SourceQuality "1"]

1. Nc3 c5 2. Nf3 Nc6 3. e4 g6 4. Bc4 Bg7 5. 0-0 d6 6. d3 a6 7. a3 e6 8. Re1 Nge7 9. Rb1 0-0 10. Be3 Nd4 11. Bxd4 cxd4 12. Ne2 b5 13. Ba2 Nc6 14. Qd2 Qb6 15. b4 Bd7 16. Qf4 Ne5 17. Nxe5 Bxe5 18. Qd2 Rfc8 19. f4 Bg7 20. Bb3 a5 21. Rf1 a4 22. Ba2 Rf8 23. Rf3 Rac8 24. Rbf1 Qc7 25. Bb1 f5 26. exf5 exf5 27. Rc1 Be6 28. Re1 Bd5 29. Rg3 Bf6 30. Rh3 Rfe8 31. Rf1 Re7 32. Rf2 Rce8 33. Qd1 Kg7 34. Kf1 Re3 35. Rxe3 dxe3 36. Rf3 Bxf3 37. gxf3 Qc6 38. Kg2 Qd5 39. Qc1 h6 40. c3 g5 41. fxg5 hxg5 42. c4 bxc4 43. dxc4 Qd2 44. Qc2 Bb2 45. Kh1 Qxc2 46. Bxc2 f4 47. Bxa4 Rb8 48. Bc6 Bxa3 49. b5 Bb2 50. Kg2 Kf6 51. h4 Ke5 52. hxg5 Rg8 53. b6 Rxg5+ 54. Kf1 Rg8 55. b7 Rb8 56. Bd5 Rh8 57. Kg2 Rf8 58. Kf1 Rh8 59. Kg2 Rf8 60. Kh3 Kf5 1/2-1/2

[Event "Rhein Main op-A 20th"]
[Site "Bad Homburg"]
[Date "2017.06.17"]
[Round "6"]
[White "Ebeling, Leander"]
[Black "Jordake, Michael"]
[Result "1-0"]
[WhiteElo "1630"]
[BlackElo "1846"]
[PlyCount "67"]
[EventDate "2017.06.14"]
[EventType "swiss"]
[EventRounds "7"]
[EventCountry "GER"]
[SourceTitle "EXT 2018"]
[Source "ChessBase"]
[SourceDate "2017.10.13"]
[SourceVersion "1"]
[SourceVersionDate "2017.10.13"]
[SourceQuality "1"]

1. e4 e5 2. Nf3 Nc6 3. Bc4 Nf6 4. 0-0 Bc5 5. d4 exd4 6. e5 d5 7. exf6 dxc4 8. fxg7 Rg8 9. Re1+ Be7 10. Bg5 Rxg7 11. Bxe7 Nxe7 12. Qxd4 Qxd4 13. Nxd4 c6 14. Na3 Bh3 15. g3 Rd8 16. c3 c5 17. Ndb5 a6 18. Nc7+ Kd7 19. Rad1+ Kxc7 20. Rxe7+ Rd7 21. Rdxd7+ Bxd7 22. Nxc4 Kd8 23. Re5 Be6 24. Rxc5 Rg4 25. Ne3 Rg6 26. c4 Kd7 27. b3 b6 28. Rh5 h6 29. Nd5 b5 30. Nf4 Rg5 31. Rxg5 hxg5 32. Nxe6 Kxe6 33. h4 bxc4 34. bxc4 1-0

[Event "Heusenstamm Sparkassen op-A 3rd"]
[Site "Heusenstamm"]
[Date "2016.11.27"]
[Round "3"]
[White "Rack, Matthias"]
[Black "Jordake, Michael"]
[Result "1/2-1/2"]
[WhiteElo "2038"]
[BlackElo "1802"]
[PlyCount "72"]
[EventDate "2016.11.24"]
[EventType "swiss"]
[EventRounds "7"]
[EventCountry "GER"]
[SourceTitle "EXT 2018"]
[Source "ChessBase"]
[SourceDate "2017.10.13"]
[SourceVersion "1"]
[SourceVersionDate "2017.10.13"]
[SourceQuality "1"]

1. d4 Nf6 2. c4 e5 3. dxe5 Ng4 4. e4 Nxe5 5. f4 Nec6 6. Be3 Bb4+ 7. Nd2 Qh4+ 8. g3 Qe7 9. Qc2 Na6 10. Ngf3 Nc5 11. 0-0-0 Bxd2+ 12. Nxd2 d6 13. a3 Bg4 14. Re1 f6 15. Bg2 0-0 16. h3 Bd7 17. g4 Na5 18. Qc3 Nc6 19. b4 Na4 20. Qb3 Nd8 21. Rhf1 Kh8 22. Bd4 c5 23. Ba1 cxb4 24. axb4 a5 25. b5 Nc5 26. Qa3 Rc8 27. e5 fxe5 28. fxe5 Rxf1 29. Rxf1 Nde6 30. exd6 Qxd6 31. Bd5 b6 32. Qe3 Na4 33. Kd1 Re8 34. Qh6 Qe7 35. Re1 Nac5 36. Ne4 Nd3 1/2-1/2

[Event "Heusenstamm Sparkassen op-A 3rd"]
[Site "Heusenstamm"]
[Date "2016.11.25"]
[Round "2"]
[White "Jordake, Michael"]
[Black "Weil, Volker"]
[Result "1/2-1/2"]
[WhiteElo "1802"]
[BlackElo "2071"]
[PlyCount "83"]
[EventDate "2016.11.24"]
[EventType "swiss"]
[EventRounds "7"]
[EventCountry "GER"]
[SourceTitle "EXT 2018"]
[Source "ChessBase"]
[SourceDate "2017.10.13"]
[SourceVersion "1"]
[SourceVersionDate "2017.10.13"]
[SourceQuality "1"]

1. Nc3 d6 2. e4 Nf6 3. d4 e5 4. Bg5 Be7 5. Nf3 Nbd7 6. Bc4 0-0 7. 0-0 c6 8. Bxf6 Bxf6 9. Ne2 Qe7 10. Ng3 g6 11. c3 Nb6 12. Bb3 Bg4 13. dxe5 dxe5 14. h3 Be6 15. Qc2 a5 16. Bxe6 Qxe6 17. Rfe1 Rfd8 18. Nf1 a4 19. Ne3 Be7 20. Qe2 f6 21. Red1 Rxd1+ 22. Qxd1 Bc5 23. b3 axb3 24. axb3 Rxa1 25. Qxa1 Qxb3 26. Ng4 Kg7 27. Qa7 Qf7 28. Ne1 Qd7 29. Qa5 Qe7 30. Nd3 Nd7 31. Qc7 Nf8 32. Qa5 Ne6 33. Nxc5 Nxc5 34. Qb4 b5 35. f3 h5 36. Nf2 Qa7 37. Kh2 Na6 38. Qb2 Qd7 39. Qa3 Qa7 40. Nd3 c5 41. Nxc5 Qxc5 42. Qxa6 1/2-1/2

[Event "Heusenstamm Sparkassen op-A 2nd"]
[Site "Heusenstamm"]
[Date "2015.11.29"]
[Round "7"]
[White "Friedel, Thomas"]
[Black "Jordake, Michael"]
[Result "0-1"]
[WhiteElo "1615"]
[BlackElo "1810"]
[PlyCount "26"]
[EventDate "2015.11.26"]
[EventType "swiss"]
[EventRounds "7"]
[EventCountry "GER"]
[SourceTitle "EXT 2018"]
[Source "ChessBase"]
[SourceDate "2017.10.13"]
[SourceVersion "1"]
[SourceVersionDate "2017.10.13"]
[SourceQuality "1"]

1. e4 e5 2. Nf3 Nc6 3. Bc4 Nf6 4. d3 Bc5 5. 0-0 d6 6. Bg5 h6 7. Bh4 g5 8. Nxg5 hxg5 9. Bxg5 Bg4 10. Bxf6 Bxd1 11. Bxd8 Be2 12. Re1 Nd4 13. Bxc7 Nf3+ 0-1

[Event "Rhein Main op-B 18th"]
[Site "Bad Homburg"]
[Date "2015.06.04"]
[Round "3"]
[White "Jordake, Michael"]
[Black "Koestler, Peter"]
[Result "0-1"]
[WhiteElo "1793"]
[BlackElo "1906"]
[PlyCount "84"]
[EventDate "2015.06.03"]
[EventType "swiss"]
[EventRounds "7"]
[EventCountry "GER"]
[SourceTitle "CBM 167 Extra"]
[Source "ChessBase"]
[SourceDate "2015.09.14"]
[SourceVersion "1"]
[SourceVersionDate "2015.09.14"]
[SourceQuality "1"]

1. Nc3 d5 2. e4 d4 3. Nce2 c5 4. Ng3 Nc6 5. Bc4 e6 6. Nf3 Bd6 7. 0-0 Nge7 8. Re1 Qc7 9. b3 0-0 10. Bb2 Ng6 11. c3 Nge5 12. Nxe5 Bxe5 13. Qh5 g6 14. Qe2 a6 15. Bd3 b5 16. Rac1 Qd6 17. a3 Bb7 18. Bb1 Rfd8 19. Nf1 Na5 20. Ba2 d3 21. Qg4 c4 22. b4 Nc6 23. g3 f5 24. Qh4 f4 25. gxf4 Bxf4 26. Ne3 g5 27. Qh3 Ne5 28. Ng2 g4 29. Qh5 Ng6 30. Qxg4 Bxd2 31. Red1 Bxc1 32. Bxc1 Kh8 33. Bh6 Qe5 34. f3 Rg8 35. Kh1 Rae8 36. Qg3 Qxg3 37. hxg3 Ne5 38. Bf4 Nxf3 39. a4 e5 40. Ne1 Nxe1 41. Rxe1 exf4 42. gxf4 Bxe4+ 0-1

[Event "Rhein Main op-B 18th"]
[Site "Bad Homburg"]
[Date "2015.06.03"]
[Round "1"]
[White "Jordake, Michael"]
[Black "Karl, Florian"]
[Result "1/2-1/2"]
[WhiteElo "1793"]
[BlackElo "1391"]
[PlyCount "80"]
[EventDate "2015.06.03"]
[EventType "swiss"]
[EventRounds "7"]
[EventCountry "GER"]
[SourceTitle "CBM 167 Extra"]
[Source "ChessBase"]
[SourceDate "2015.09.14"]
[SourceVersion "1"]
[SourceVersionDate "2015.09.14"]
[SourceQuality "1"]

1. Nc3 d5 2. e4 e6 3. d4 g6 4. Nf3 Bg7 5. e5 Ne7 6. Bd3 0-0 7. 0-0 b6 8. Bd2 Bd7 9. Qc1 a6 10. Bh6 c5 11. Bxg7 Kxg7 12. Re1 c4 13. Bf1 Nbc6 14. a3 b5 15. Ne2 Nf5 16. Qd2 Qb6 17. g4 Nh6 18. h3 Qc7 19. Ng3 Ng8 20. g5 a5 21. Qf4 Nce7 22. h4 Nf5 23. Nxf5+ exf5 24. Bg2 Be6 25. Rac1 Rfc8 26. Re3 b4 27. Ra1 Ne7 28. Ne1 Qc6 29. Rh3 Rh8 30. axb4 axb4 31. Rxa8 Qxa8 32. b3 c3 33. Re3 Rb8 34. Nd3 Qa2 35. Re2 Qb1+ 36. Kh2 Nc6 37. Nc5 Ne7 38. Qf3 Qa1 39. h5 Qc1 40. h6+ Kg8 1/2-1/2

[Event "Wiesbaden op 26th"]
[Site "Wiesbaden"]
[Date "2014.08.31"]
[Round "6"]
[White "Rosmanitz, Anna"]
[Black "Jordake, Michael"]
[Result "1/2-1/2"]
[WhiteElo "1599"]
[BlackElo "1802"]
[PlyCount "153"]
[EventDate "2014.08.28"]
[EventType "swiss"]
[EventRounds "7"]
[EventCountry "GER"]
[SourceTitle "CBM 162 Extra"]
[Source "ChessBase"]
[SourceDate "2014.10.17"]
[SourceVersion "1"]
[SourceVersionDate "2014.10.17"]
[SourceQuality "1"]

1. e4 e5 2. Nf3 Nc6 3. Bb5 Nf6 4. d3 Ne7 5. 0-0 c6 6. Bc4 Ng6 7. Re1 Be7 8. Bg5 d6 9. c3 0-0 10. d4 Qc7 11. Nbd2 h6 12. Bh4 Bg4 13. Bg3 Rad8 14. h3 Bc8 15. Bb3 Nf4 16. Qc2 Be6 17. dxe5 dxe5 18. Bxe6 fxe6 19. Nc4 Nd7 20. Rad1 Bf6 21. Qc1 Ng6 22. Qe3 b6 23. b4 c5 24. Nb2 Be7 25. Nd3 c4 26. Nb2 b5 27. a4 a6 28. Rd2 Nb6 29. a5 Nc8 30. Red1 Rxd2 31. Rxd2 Bf6 32. Qe2 Nf4 33. Qe3 g5 34. h4 g4 35. Nh2 h5 36. f3 Rd8 37. Rxd8+ Bxd8 38. fxg4 Qg7 39. Bxf4 exf4 40. Qxf4 Qxc3 41. Nd1 Qe1+ 42. Qf1 Qxh4 43. Qe2 Be7 44. gxh5 Bxb4 45. Ng4 Bc5+ 46. Ndf2 Nd6 47. Qf3 Bxf2+ 48. Nxf2 Nf7 49. g3 Ng5 50. Qf4 Qxh5 51. Qb8+ Kf7 52. Qb7+ Kf6 53. Qxa6 Qf3 54. e5+ Kg6 55. Qb6 Qxg3+ 56. Kf1 c3 57. Qc6 Qxe5 58. a6 c2 59. Qxc2+ Kf7 60. a7 Qa1+ 61. Qd1 Qxa7 62. Qh5+ Kf6 63. Ng4+ Kf5 64. Nh6+ Ke4 65. Qg4+ Kd3 66. Qxg5 Qa1+ 67. Kf2 Qd4+ 68. Ke1 Qc3+ 69. Kf2 Qd2+ 70. Qxd2+ Kxd2 71. Ng4 b4 72. Ne3 b3 73. Kf3 Kd3 74. Nd1 e5 75. Nb2+ Kd4 76. Nd1 Kd3 77. Nb2+ 1/2-1/2

[Event "Wiesbaden op 26th"]
[Site "Wiesbaden"]
[Date "2014.08.30"]
[Round "4"]
[White "Kuhn, Gerhard"]
[Black "Jordake, Michael"]
[Result "1-0"]
[WhiteElo "2023"]
[BlackElo "1802"]
[PlyCount "97"]
[EventDate "2014.08.28"]
[EventType "swiss"]
[EventRounds "7"]
[EventCountry "GER"]
[SourceTitle "CBM 162 Extra"]
[Source "ChessBase"]
[SourceDate "2014.10.17"]
[SourceVersion "1"]
[SourceVersionDate "2014.10.17"]
[SourceQuality "1"]

1. e4 e5 2. Nf3 Nc6 3. Nc3 Nf6 4. d4 exd4 5. Nd5 Be7 6. Nxd4 Nxd4 7. Qxd4 Nxd5 8. exd5 0-0 9. Be2 d6 10. 0-0 Bf5 11. c3 Re8 12. Bb5 Bf6 13. Qf4 Bd7 14. Bd3 Re5 15. c4 b5 16. cxb5 Rxd5 17. Be4 Be5 18. Qf3 Bxh2+ 19. Kxh2 Qh4+ 20. Kg1 Rh5 21. Qxh5 Qxh5 22. Bxa8 Bxb5 23. Re1 Kf8 24. Be3 Bd7 25. Rac1 Qa5 26. a3 h6 27. Re2 Be6 28. Rec2 c5 29. Rd2 Qb6 30. Rxd6 Qxb2 31. Rd3 c4 32. Rdc3 a5 33. Bf3 g5 34. Bc5+ Kg8 35. Bd4 g4 36. Bd1 Qd2 37. Be3 Qd6 38. Bxh6 f5 39. Be2 Kh7 40. Bg5 Kg6 41. Bh4 Kh5 42. g3 a4 43. Bxc4 Bxc4 44. Rxc4 Qxa3 45. Bf6 Qd6 46. Rc6 Qd7 47. Be5 a3 48. Bf4 Qxc6 49. Rxc6 1-0

[Event "Wiesbaden op 26th"]
[Site "Wiesbaden"]
[Date "2014.08.29"]
[Round "3"]
[White "Jordake, Michael"]
[Black "Skarke, Harald"]
[Result "1/2-1/2"]
[WhiteElo "1802"]
[BlackElo "2025"]
[PlyCount "50"]
[EventDate "2014.08.28"]
[EventType "swiss"]
[EventRounds "7"]
[EventCountry "GER"]
[SourceTitle "CBM 162 Extra"]
[Source "ChessBase"]
[SourceDate "2014.10.17"]
[SourceVersion "1"]
[SourceVersionDate "2014.10.17"]
[SourceQuality "1"]

1. Nc3 c5 2. e4 e6 3. g3 Nc6 4. Bg2 a6 5. d3 Qc7 6. Nf3 Nf6 7. 0-0 Be7 8. Re1 d6 9. Ne2 0-0 10. b3 b5 11. Bb2 Bb7 12. Qc1 Rac8 13. Qg5 h6 14. Qd2 Rfd8 15. h3 Ne5 16. Nxe5 dxe5 17. Nc1 c4 18. bxc4 bxc4 19. Qc3 cxd3 20. Qxc7 Rxc7 21. cxd3 Nd7 22. Bf1 Rdc8 23. Nb3 f6 24. Bc1 Bb4 25. Bd2 Ba3 1/2-1/2

[Event "Wiesbaden op 26th"]
[Site "Wiesbaden"]
[Date "2014.08.29"]
[Round "2"]
[White "Lehmann, Wolfgang"]
[Black "Jordake, Michael"]
[Result "0-1"]
[WhiteElo "1500"]
[BlackElo "1802"]
[PlyCount "122"]
[EventDate "2014.08.28"]
[EventType "swiss"]
[EventRounds "7"]
[EventCountry "GER"]
[SourceTitle "CBM 162 Extra"]
[Source "ChessBase"]
[SourceDate "2014.10.17"]
[SourceVersion "1"]
[SourceVersionDate "2014.10.17"]
[SourceQuality "1"]

1. d4 Nf6 2. Nf3 e6 3. c4 b6 4. e3 Bb7 5. Be2 Be7 6. 0-0 0-0 7. b3 d6 8. Bb2 Nbd7 9. Nbd2 c5 10. dxc5 Nxc5 11. Re1 Qc7 12. Nd4 a6 13. b4 Nce4 14. Nxe4 Nxe4 15. Rc1 Bh4 16. Rf1 Qe7 17. Nf3 Rad8 18. Qc2 f5 19. Bd4 b5 20. c5 dxc5 21. Bxc5 Nxc5 22. Qxc5 Bf6 23. a3 Qxc5 24. Rxc5 Bb2 25. Rc7 Rf7 26. Rxf7 Kxf7 27. Ne1 Bxa3 28. Nd3 Be4 29. Nc5 Rd6 30. Nxe4 fxe4 31. Rb1 Rd2 32. Kf1 Rc2 33. g3 Rc1+ 34. Rxc1 Bxc1 35. f3 Bxe3 36. fxe4 Kf6 37. Bd3 Ke5 38. Ke2 Bc1 39. h3 h6 40. h4 Ba3 41. Kf3 Bxb4 42. Kg4 g6 43. h5 g5 44. Kf3 Kd4 45. Ke2 g4 46. Bc2 Bd6 47. Bb3 Ke5 48. Kd3 Kf6 49. Bd1 Kg5 50. Bb3 e5 51. Bf7 Bb4 52. Ke2 Bc5 53. Kf1 a5 54. Be8 b4 55. Ke2 b3 56. Kd3 Bf2 57. Kc3 Bxg3 58. Kxb3 Kf4 59. Bd7 Be1 60. Kc2 g3 61. Kd1 g2 0-1

[Event "Karl Mala Memorial op-A 17th"]
[Site "Frankfurt"]
[Date "2014.08.03"]
[Round "7"]
[White "Jordake, Michael"]
[Black "Kolker, Vladislav"]
[Result "0-1"]
[WhiteElo "1802"]
[BlackElo "2021"]
[PlyCount "60"]
[EventDate "2014.07.31"]
[EventType "swiss"]
[EventRounds "7"]
[EventCountry "GER"]
[SourceTitle "EXT 2015"]
[Source "ChessBase"]
[SourceDate "2014.11.20"]
[SourceVersion "1"]
[SourceVersionDate "2014.11.20"]
[SourceQuality "1"]

1. Nc3 e5 2. Nf3 Nc6 3. d4 exd4 4. Nxd4 Bc5 5. Nf5 Qf6 6. e4 Nge7 7. Ne3 0-0 8. Bd3 Ne5 9. 0-0 c6 10. Nc4 Nxd3 11. cxd3 b5 12. Ne3 Ng6 13. Ng4 Qh4 14. Be3 Bd6 15. f4 f5 16. Bf2 Qxg4 17. Qxg4 fxg4 18. e5 Bc7 19. Bc5 Rxf4 20. Rxf4 Nxf4 21. Rf1 Bxe5 22. g3 Ne6 23. Be7 d5 24. Ne2 Bxb2 25. d4 Bd7 26. Rd1 Re8 27. Bd6 Ng5 28. Kf1 Nf3 29. Bc5 Bf5 30. Nf4 Bc2 0-1

[Event "Rhein Main op-B 17th"]
[Site "Bad Homburg"]
[Date "2014.06.22"]
[Round "7"]
[White "Neubauer, Robert"]
[Black "Jordake, Michael"]
[Result "1-0"]
[WhiteElo "1647"]
[BlackElo "1791"]
[PlyCount "51"]
[EventDate "2014.06.18"]
[EventType "swiss"]
[EventRounds "9"]
[EventCountry "GER"]
[SourceTitle "CBM 161 Extra"]
[Source "ChessBase"]
[SourceDate "2014.08.29"]
[SourceVersion "1"]
[SourceVersionDate "2014.08.29"]
[SourceQuality "1"]

1. e4 e5 2. Nf3 Nc6 3. Bc4 Nf6 4. d3 Bc5 5. 0-0 d6 6. c3 Bg4 7. h3 Bxf3 8. Qxf3 Bb6 9. Bg5 h6 10. Bh4 g5 11. Bg3 Qe7 12. b4 0-0-0 13. Nd2 a6 14. b5 axb5 15. Bxb5 Na5 16. Qd1 c6 17. Nc4 Nxc4 18. Bxc4 h5 19. Qb3 h4 20. Qxb6 Nd7 21. Qa5 hxg3 22. fxg3 f6 23. Rab1 Nc5 24. d4 d5 25. dxc5 dxc4 26. Qa8+ 1-0

[Event "Rhein Main op-B 17th"]
[Site "Bad Homburg"]
[Date "2014.06.20"]
[Round "4"]
[White "Lebermann, Hellmuth"]
[Black "Jordake, Michael"]
[Result "1/2-1/2"]
[WhiteElo "1918"]
[BlackElo "1791"]
[PlyCount "72"]
[EventDate "2014.06.18"]
[EventType "swiss"]
[EventRounds "9"]
[EventCountry "GER"]
[SourceTitle "CBM 161 Extra"]
[Source "ChessBase"]
[SourceDate "2014.08.29"]
[SourceVersion "1"]
[SourceVersionDate "2014.08.29"]
[SourceQuality "1"]

1. e4 e5 2. d4 exd4 3. Nf3 Nc6 4. Bc4 Nf6 5. 0-0 Be7 6. Nxd4 Ne5 7. Bd3 d5 8. exd5 Qxd5 9. Nc3 Qd8 10. Be2 0-0 11. Bf4 Ng6 12. Bg3 c6 13. Re1 Bc5 14. Nb3 Bb6 15. Qxd8 Rxd8 16. Na4 Bf5 17. Nxb6 axb6 18. Bc7 Rd7 19. Bxb6 Bxc2 20. Nd4 Be4 21. f3 Bd5 22. a4 Nf4 23. Bf1 Ne6 24. a5 Nxd4 25. Bxd4 Be6 26. Bc5 Nd5 27. b4 Nc7 28. f4 Rd2 29. Rad1 Rxd1 30. Rxd1 Nd5 31. g3 f5 32. Bc4 Kf7 33. Bxd5 Bxd5 34. Kf2 Ke6 35. Bb6 g6 36. Ke3 Re8 1/2-1/2

[Event "Karl Mala Memorial op-A 16th"]
[Site "Frankfurt"]
[Date "2013.07.13"]
[Round "5"]
[White "Jordake, Michael"]
[Black "Kirschner, Matthias"]
[Result "1-0"]
[WhiteElo "1824"]
[BlackElo "1683"]
[PlyCount "79"]
[EventDate "2013.07.11"]
[EventType "swiss"]
[EventRounds "7"]
[EventCountry "GER"]
[SourceTitle "EXT 2014"]
[Source "ChessBase"]
[SourceDate "2013.11.20"]
[SourceVersion "1"]
[SourceVersionDate "2013.11.20"]
[SourceQuality "1"]

1. e4 c5 2. Nc3 Nc6 3. g3 d6 4. Bg2 g6 5. d3 Bg7 6. f4 e6 7. Nf3 Nf6 8. 0-0 0-0 9. Ne2 b5 10. c3 Rb8 11. h3 a5 12. Nh2 Bb7 13. g4 Nd7 14. Be3 b4 15. Nf3 Qc7 16. Bf2 Ba8 17. Bg3 bxc3 18. bxc3 Rb2 19. d4 cxd4 20. cxd4 e5 21. a3 Rfb8 22. fxe5 dxe5 23. Ng5 Nd8 24. Rc1 Qd6 25. a4 f6 26. dxe5 Qxd1 27. Rcxd1 Nxe5 28. Bxe5 fxg5 29. Bxb8 Rxb8 30. Rb1 Be5 31. Rxb8 Bxb8 32. Rb1 Be5 33. Rb5 Nc6 34. Nc1 Bc3 35. Nd3 Kf7 36. e5 Ke7 37. Kf1 Kd7 38. e6+ Kxe6 39. Bxc6 Bxc6 40. Rc5 1-0